Ghalib Khasta Ke Baghair (Record no. 3982)

MARC details
000 -LEADER
fixed length control field 00605nam a2200241 a 4500
020 ## - INTERNATIONAL STANDARD BOOK NUMBER
ISBN
082 00 - DEWEY DECIMAL CLASSIFICATION NUMBER
Classification number 891.4391092
Author Cutter FUR
100 ## - MAIN ENTRY--AUTHOR NAME
Author name Furqat, Ghulam Ahmad Kakori
245 ## - TITLE STATEMENT
Title Ghalib Khasta Ke Baghair
260 ## - PUBLICATION, DISTRIBUTION, ETC. (IMPRINT)
Place of publication Delhi
Name of publisher Maktaba Shah Rah
Year of publication 1969
300 ## - PHYSICAL DESCRIPTION
Number of Pages 314p
500 ## - GENERAL NOTE
General note includes index and biblioraphy
505 2# - FORMATTED CONTENTS NOTE
Formatted contents note Various Documents
650 ## - SUBJECT ADDED ENTRY--TOPICAL TERM
Topical Term Ghalib-Essays
942 ## - ADDED ENTRY ELEMENTS (KOHA)
Koha item type Books
700 1# -
-- Furqat, Ghulam Ahmad Kakori
Holdings
Collection code Home library Current library Date acquired Cost, normal purchase price Full call number Accession Number Koha item type
  Henry Martyn Institute Library Henry Martyn Institute Library 05/31/2007 8.00 891.4391092 FUR 06165 Books
                   Copyright © 2026 | Henry Martyn Institute | Hyderabad | TS-500052 | INDIA | Implemented by hmi.edu.in
Hit-Count:

Powered by Koha